[Event "13. Sparkassen Open 2014 - Gruppe A"]
[Site "Forchheim"]
[Date "2014.10.04"]
[Round "4.26"]
[White "Lenhardt, Manfred"]
[Black "Pichl, Michael"]
[Result "1/2-1/2"]
[WhiteElo "2112"]
[BlackElo "2037"]
[PlyCount "69"]
[EventDate "2014.??.??"]
[WhiteTeam "SC Weisse Dame"]
[BlackTeam "SV Empor Erfurt"]

1. d4 g6 2. Nf3 Bg7 3. g3 Nf6 4. Bg2 O-O 5. O-O d6 6. c4 Nc6 7. Nc3 a6 8. b3
Rb8 9. Bb2 b5 10. cxb5 axb5 11. d5 Na5 12. Nd4 b4 13. Na4 Bd7 14. a3 Nxb3 15.
Qxb3 bxa3 16. Qxa3 Bxa4 17. Qxa4 Rxb2 18. Ra3 Re8 19. Qc4 Nd7 20. Nc6 Qc8 21.
Rfa1 Bf6 22. e3 Nc5 23. h4 Qf5 24. Qf4 Qxf4 25. exf4 Rd2 26. Ra8 Rxa8 27. Rxa8+
Kg7 28. Rc8 e6 29. dxe6 Nxe6 30. Bh3 Rc2 31. Nb4 Rc4 32. Nd5 c6 33. Bxe6 cxd5
34. Rxc4 dxc4 35. Bxc4 1/2-1/2

[Event "13. Sparkassen Open 2014 - Gruppe A"]
[Site "Forchheim"]
[Date "2014.10.04"]
[Round "4.27"]
[White "Vennemann, Jürgen"]
[Black "Willim, Michael"]
[Result "0-1"]
[WhiteElo "1937"]
[BlackElo "2137"]
[PlyCount "48"]
[EventDate "2014.??.??"]
[WhiteTeam "SC Hersbruck"]
[BlackTeam "SC Erlangen"]

1. d4 g6 2. c4 Bg7 3. Nc3 d6 4. e4 e5 5. d5 Ne7 6. Bd3 Nd7 7. Nge2 O-O 8. Be3
f5 9. exf5 gxf5 10. Bg5 h6 11. Bh4 e4 12. Nf4 Ne5 13. Be2 c6 14. O-O Qc7 15.
Nh5 N7g6 16. Nxg7 Qxg7 17. Bg3 f4 18. dxc6 fxg3 19. Qxd6 gxh2+ 20. Kh1 Nf4 21.
g3 Nxe2 22. Nxe2 Bg4 23. Qd5+ Kh8 24. cxb7 Rad8 0-1

[Event "13. Sparkassen Open 2014 - Gruppe A"]
[Site "Forchheim"]
[Date "2014.10.04"]
[Round "4.28"]
[White "Zeltner, Ottmar"]
[Black "Stillger, Bernhard"]
[Result "0-1"]
[WhiteElo "2041"]
[BlackElo "2293"]
[PlyCount "91"]
[EventDate "2014.??.??"]
[WhiteTeam "SK Rothenburg"]
[BlackTeam "SV Dinslaken"]

1. e4 c5 2. Nf3 e6 3. d4 cxd4 4. Nxd4 a6 5. Nc3 Qc7 6. Qd3 Nf6 7. Be3 Bb4 8.
Bd2 Nc6 9. f3 b5 10. Nxc6 dxc6 11. O-O-O e5 12. Kb1 Be7 13. g3 O-O 14. Bg2 b4
15. Na4 c5 16. b3 Bd7 17. Nb2 Bb5 18. c4 Bc6 19. Be3 a5 20. Qc2 a4 21. Nxa4
Bxa4 22. bxa4 Nd7 23. Rd3 Nb6 24. Rhd1 Qc6 25. Bh3 Qf6 26. Bd7 Ra7 27. Bb5 Rfa8
28. Bf2 h6 29. R1d2 Qe6 30. Be3 Nxa4 31. Bxa4 Rxa4 32. Qc1 b3 33. Rxb3 Rxc4 34.
Qb2 Kh7 35. Rc2 Rxc2 36. Qxc2 Qa6 37. Bc1 c4 38. Rc3 Rb8+ 39. Ka1 Rc8 40. Qe2
Bc5 41. Be3 Bd4 42. Bxd4 exd4 43. Rc1 d3 44. Qd2 Qf6+ 45. Rc3 Qxf3 46. e5 0-1

[Event "13. Sparkassen Open 2014 - Gruppe A"]
[Site "Forchheim"]
[Date "2014.10.04"]
[Round "4.29"]
[White "Kroneder, Christian"]
[Black "Reimann, Gunther"]
[Result "1-0"]
[WhiteElo "2048"]
[BlackElo "1981"]
[PlyCount "39"]
[EventDate "2014.??.??"]
[WhiteTeam "SK Schwanstetten"]
[BlackTeam "SC Winnenden"]

1. e4 e5 2. Nf3 Nc6 3. Bc4 Be7 4. d4 d6 5. h3 Nf6 6. Nc3 O-O 7. O-O Ne8 8. Nd5
Kh8 9. Nxe7 Qxe7 10. Ng5 Nxd4 11. Qh5 Nf6 12. Nxf7+ Rxf7 13. Qxf7 Qxf7 14. Bxf7
Nxc2 15. Rb1 Nxe4 16. f4 exf4 17. Rxf4 Nf6 18. Bd2 c5 19. Bc3 Ng8 20. Bb3 1-0

[Event "13. Sparkassen Open 2014 - Gruppe A"]
[Site "Forchheim"]
[Date "2014.10.04"]
[Round "4.30"]
[White "Reuter, Roland"]
[Black "Auburger, Philipp"]
[Result "1/2-1/2"]
[WhiteElo "1998"]
[BlackElo "1972"]
[PlyCount "98"]
[EventDate "2014.??.??"]
[WhiteTeam "SK Schwabach"]
[BlackTeam "SC Forchheim"]

1. e4 e5 2. Nf3 Nf6 3. Nc3 Bb4 4. Bc4 d6 5. d3 h6 6. h3 O-O 7. Bd2 Re8 8. Qe2
Nbd7 9. g4 c6 10. g5 hxg5 11. Nxg5 d5 12. exd5 Bxc3 13. dxc6 Bxd2+ 14. Qxd2
bxc6 15. Nxf7 Qe7 16. Rg1 Nd5 17. Nh6+ Kh8 18. Nf5 Qf6 19. Rxg7 Nf8 20. Bxd5
cxd5 21. Qg5 Qxg5 22. Rxg5 Nh7 23. Rh5 Bxf5 24. Rxf5 Re6 25. Ke2 Nf6 26. Rg1
Rg8 27. Rxg8+ Kxg8 28. c4 Kg7 29. h4 dxc4 30. dxc4 Nd7 31. b4 Ra6 32. c5 Kg6
33. Rg5+ Kf6 34. Kd3 Rxa2 35. c6 Nb6 36. Rg8 Ke6 37. Rg6+ Kf7 38. Rg2 Nd5 39.
Kc4 Nf4 40. Rg5 Rc2+ 41. Kb5 Ne2 42. Ka6 Rxc6+ 43. Kxa7 Rc4 44. b5 Ra4+ 45. Kb7
Rxh4 46. Rxe5 Nc3 47. Kc6 Rc4+ 48. Rc5 Rxc5+ 49. Kxc5 Kf6 1/2-1/2

[Event "13. Sparkassen Open 2014 - Gruppe A"]
[Site "Forchheim"]
[Date "2014.10.04"]
[Round "4.32"]
[White "Grüttner, Ralf"]
[Black "Birkenmaier, Rainer"]
[Result "1-0"]
[WhiteElo "2107"]
[BlackElo "2077"]
[PlyCount "29"]
[EventDate "2014.??.??"]
[WhiteTeam "SK Freising"]
[BlackTeam "TG Biberach"]

1. e4 g6 2. d4 Bg7 3. Nc3 c6 4. Be3 d5 5. f3 dxe4 6. fxe4 Nf6 7. Nf3 O-O 8. Qd2
b5 9. Bd3 Bb7 10. Bh6 Nbd7 11. Bxg7 Kxg7 12. e5 Ne8 13. h4 h5 14. e6 Ndf6 15.
exf7 1-0

[Event "13. Sparkassen Open 2014 - Gruppe A"]
[Site "Forchheim"]
[Date "2014.10.05"]
[Round "5.1"]
[White "Carlstedt, Jonathan"]
[Black "Hilverda, Alexander"]
[Result "0-1"]
[WhiteElo "2442"]
[BlackElo "2296"]
[PlyCount "115"]
[EventDate "2014.??.??"]
[WhiteTeam "Hamburger SK"]
[BlackTeam "SC Erlangen"]

1. c4 c6 2. g3 d5 3. Nf3 Nf6 4. Bg2 Bf5 5. O-O e6 6. b3 Be7 7. Bb2 O-O 8. d3 h6
9. Nbd2 a5 10. Re1 Bh7 11. a3 Nbd7 12. Qc2 Qb6 13. Qc3 Rfe8 14. e4 e5 15. exd5
Bc5 16. d4 exd4 17. Rxe8+ Rxe8 18. Nxd4 Ne5 19. Re1 Nd3 20. Rxe8+ Nxe8 21. Ba1
Bxa3 22. Ne4 cxd5 23. cxd5 Nc5 24. Nd2 Bb4 25. Qe3 Qd8 26. Nc4 Nf6 27. Nb5 Bc2
28. Nd4 Bg6 29. d6 Nce4 30. Nb5 Bc5 31. Bd4 Nd5 32. Qe1 Bb4 33. Qe2 Ndf6 34.
Bb6 Qd7 35. Ne5 Qe6 36. Nxg6 fxg6 37. Bxe4 Nxe4 38. d7 Qxd7 39. Qxe4 Qxb5 40.
Qxb7 Kh7 41. Qc7 Qd5 42. Qc2 h5 43. h4 Qd6 44. Be3 Qd5 45. Kf1 Qh1+ 46. Ke2
Qe1+ 47. Kd3 Qf1+ 48. Ke4 Qg2+ 49. Kd4 Be7 50. Kc3 Bf6+ 51. Kd2 Qf1 52. Qc1 Qb5
53. Qc4 Qe5 54. Ke2 Qf5 55. Bd2 Bd8 56. Be3 Bf6 57. Kf1 Bd8 58. Kg2 0-1

[Event "13. Sparkassen Open 2014 - Gruppe A"]
[Site "Forchheim"]
[Date "2014.10.05"]
[Round "5.2"]
[White "Schulze, Andreas"]
[Black "Seyb, Alexander"]
[Result "0-1"]
[WhiteElo "2239"]
[BlackElo "2374"]
[PlyCount "134"]
[EventDate "2014.??.??"]

1. e4 c5 2. Nf3 d6 3. Bb5+ Nd7 4. d4 cxd4 5. Qxd4 a6 6. Bc4 e6 7. a4 Ngf6 8.
O-O Be7 9. Bg5 O-O 10. Bxf6 Nxf6 11. Nc3 Qc7 12. Bb3 Bd7 13. Rad1 Rfd8 14. h3
Be8 15. Qe3 Nd7 16. Ra1 Ne5 17. Nd2 Qc5 18. Qe2 Nc6 19. Nd1 Nd4 20. Qd3 Rac8
21. c3 Nxb3 22. Nxb3 Qc4 23. Qxc4 Rxc4 24. Nd4 Rxa4 25. Ne3 Rxa1 26. Rxa1 Rc8
27. Kf1 Kf8 28. Ke2 Bf6 29. Nb3 Bb5+ 30. Kd2 Ke7 31. g3 g6 32. Nc2 Bc6 33. Ke3
d5 34. Ncd4 dxe4 35. Nxc6+ Rxc6 36. Na5 Rb6 37. Nc4 Rb3 38. Ra2 Kd7 39. Kxe4
Kc7 40. Kd3 Rb5 41. Ra5 Rxa5 42. Nxa5 b6 43. Nc4 Kc6 44. Ne3 b5 45. Ng4 Bg7 46.
Ne3 f5 47. Nc2 a5 48. f3 e5 49. g4 Bh6 50. c4 Bc1 51. cxb5+ Kxb5 52. Kc3 Kc5
53. gxf5 gxf5 54. Na3 e4 55. fxe4 fxe4 56. Nc2 a4 57. Ne1 Bg5 58. Ng2 Bf6+ 59.
Kc2 Kd4 60. Nf4 Kc4 61. Ne2 Be5 62. h4 h5 63. Ng1 Kd4 64. Nh3 Ke3 65. Ng5 Bf6
66. Ne6 Bxh4 67. Ng7 Bf6 0-1

[Event "13. Sparkassen Open 2014 - Gruppe A"]
[Site "Forchheim"]
[Date "2014.10.05"]
[Round "5.3"]
[White "Steinhart, Christoph"]
[Black "Hacker, Jonas"]
[Result "1/2-1/2"]
[WhiteElo "2025"]
[BlackElo "2242"]
[PlyCount "73"]
[EventDate "2014.??.??"]

1. e4 c5 2. c4 Nc6 3. Nc3 g6 4. g3 Bg7 5. Bg2 d6 6. d3 e6 7. Nge2 Nge7 8. a3
O-O 9. O-O Nd4 10. Nxd4 cxd4 11. Ne2 e5 12. b4 f5 13. f4 fxe4 14. Bxe4 d5 15.
cxd5 Nxd5 16. fxe5 Bxe5 17. Rxf8+ Kxf8 18. Qf1+ Kg8 19. Qf3 Be6 20. Nf4 Bxf4
21. Bxf4 Nxf4 22. Qxf4 Bd5 23. Rf1 Bxe4 24. Qxe4 Qd7 25. Re1 Rc8 26. Qh4 Qd5
27. Qe7 Rf8 28. Re4 Qa2 29. Rf4 Qb1+ 30. Kf2 Qa2+ 31. Qe2 Rxf4+ 32. gxf4 Qxa3
33. Qe8+ Kg7 34. Qe7+ Kg8 35. Qe8+ Kg7 36. Qe7+ Kg8 37. Qe8+ 1/2-1/2

[Event "13. Sparkassen Open 2014 - Gruppe A"]
[Site "Forchheim"]
[Date "2014.10.05"]
[Round "5.4"]
[White "Golda, Harald"]
[Black "Walter, Thomas"]
[Result "1/2-1/2"]
[WhiteElo "2349"]
[BlackElo "2116"]
[PlyCount "94"]
[EventDate "2014.??.??"]

1. d4 e6 2. Nf3 f5 3. c4 Nf6 4. g3 b6 5. Bg2 Bb7 6. Nc3 Bb4 7. Bd2 O-O 8. O-O
Qe8 9. Nb5 Bxd2 10. Qxd2 Na6 11. a3 d6 12. Rac1 Ne4 13. Qc2 Qh5 14. Nc3 Rf6 15.
Nxe4 fxe4 16. Nd2 d5 17. e3 Rh6 18. h3 c5 19. f4 Rf8 20. Nb3 cxd4 21. exd4 Nb8
22. c5 Ba6 23. Rfe1 Bc4 24. cxb6 axb6 25. Nd2 Bd3 26. Qc7 Qg6 27. Kh2 b5 28.
Qb7 Qe8 29. Rc7 Rg6 30. Rec1 b4 31. Rc8 Ba6 32. Rxe8 Bxb7 33. Rxf8+ Kxf8 34.
Rc7 Ba6 35. axb4 Ke8 36. b5 Kd8 37. bxa6 Kxc7 38. a7 Kb7 39. axb8=Q+ Kxb8 40.
g4 Rf6 41. Kg3 Rf7 42. Nb3 Rb7 43. Nc5 Rxb2 44. Nxe6 Rb3+ 45. Kf2 Rb2+ 46. Kg3
Rb3+ 47. Kf2 Rb2+ 1/2-1/2

[Event "13. Sparkassen Open 2014 - Gruppe A"]
[Site "Forchheim"]
[Date "2014.10.05"]
[Round "5.5"]
[White "Thinius, Marco"]
[Black "Zhao, Kevin"]
[Result "1-0"]
[WhiteElo "2335"]
[BlackElo "1907"]
[PlyCount "99"]
[EventDate "2014.??.??"]

1. c4 e6 2. g3 f5 3. Bg2 Nf6 4. Nc3 Be7 5. d3 O-O 6. e4 fxe4 7. dxe4 e5 8. Be3
d6 9. h3 c5 10. Nge2 Nc6 11. Qd2 a6 12. f4 Be6 13. b3 Rb8 14. O-O b5 15. cxb5
axb5 16. g4 Nd4 17. Ng3 Bf7 18. g5 Nh5 19. Nxh5 Bxh5 20. f5 b4 21. Nd5 Ne2+ 22.
Kh2 Nc3 23. h4 Nxd5 24. exd5 Bg4 25. Be4 Qc8 26. Qd3 Kh8 27. Rf2 Qe8 28. Kg3
Qh5 29. Raf1 Rf7 30. Qc4 Bd1 31. Bd3 h6 32. Rd2 hxg5 33. Rdxd1 gxh4+ 34. Kh3
Rbf8 35. Qg4 Qxg4+ 36. Kxg4 e4 37. Bxe4 g6 38. Rf3 gxf5+ 39. Rxf5 Rg8+ 40. Kf3
Rg3+ 41. Ke2 Rxf5 42. Bxf5 Rg2+ 43. Bf2 Bf6 44. Rg1 Rh2 45. Kf3 Be5 46. Rg6 Rh1
47. Rh6+ Kg7 48. Rxh4 Ra1 49. Rh7+ Kf6 50. Ke4 1-0

[Event "13. Sparkassen Open 2014 - Gruppe A"]
[Site "Forchheim"]
[Date "2014.10.05"]
[Round "5.6"]
[White "Schwab, Matthias"]
[Black "Fries, Frederik"]
[Result "0-1"]
[WhiteElo "2082"]
[BlackElo "2170"]
[PlyCount "60"]
[EventDate "2014.??.??"]

1. d4 d5 2. c4 c6 3. cxd5 cxd5 4. Nc3 Nc6 5. Bf4 Nf6 6. Nf3 a6 7. Rc1 e6 8. e3
Be7 9. h3 O-O 10. Bd3 b5 11. O-O Bb7 12. Qe2 Qb6 13. Bb1 Rfc8 14. Bg5 Qd8 15.
Rfd1 Qe8 16. e4 dxe4 17. Nxe4 Nxe4 18. Qxe4 g6 19. Qh4 Bf8 20. d5 exd5 21. Bf6
Bg7 22. Re1 Qf8 23. Nh2 Qd6 24. Bg5 f5 25. Nf3 Ne5 26. Nd4 Rc4 27. Rcd1 Qb4 28.
Bf6 Rxd4 29. Rxd4 Qxe1+ 30. Kh2 Nf7 0-1

[Event "13. Sparkassen Open 2014 - Gruppe A"]
[Site "Forchheim"]
[Date "2014.10.05"]
[Round "5.7"]
[White "Liepold, Stefan"]
[Black "Weber, Daniel"]
[Result "1-0"]
[WhiteElo "2137"]
[BlackElo "2003"]
[PlyCount "59"]
[EventDate "2014.??.??"]
[WhiteTeam "SC Erlangen"]
[BlackTeam "SC Bechhofen"]

1. e4 {[%emt 0:00:00]} e6 2. d4 d5 3. Nc3 h6 4. Bd3 c5 5. exd5 exd5 6. dxc5 Nf6
7. Be3 Nc6 8. Nf3 Bg4 9. Be2 Be7 10. Nd4 Nxd4 11. Bxd4 Bxe2 12. Qxe2 O-O 13.
O-O Qd7 14. Rad1 Qe6 15. Rfe1 Qxe2 16. Rxe2 Rfe8 17. Rde1 Kf8 18. b4 Rad8 19.
Bxf6 gxf6 20. Nb5 a5 21. a3 axb4 22. axb4 Rd7 23. Nd6 Ra8 24. Nf5 Re8 25. Nxh6
b6 26. Nf5 bxc5 27. Nxe7 Rexe7 28. Rxe7 Rxe7 29. Rxe7 Kxe7 30. bxc5 1-0

[Event "13. Sparkassen Open 2014 - Gruppe A"]
[Site "Forchheim"]
[Date "2014.10.05"]
[Round "5.8"]
[White "Jähn, Michael"]
[Black "Huber, Edwin"]
[Result "0-1"]
[WhiteElo "1984"]
[BlackElo "2148"]
[PlyCount "106"]
[EventDate "2014.??.??"]

1. d4 c5 2. d5 Nf6 3. Nc3 d6 4. e4 e6 5. Nf3 exd5 6. exd5 Bg4 7. Be2 Bxf3 8.
Bxf3 Be7 9. O-O O-O 10. Re1 Na6 11. Bf4 Re8 12. Qd2 Qd7 13. a4 Nc7 14. Qd3 a6
15. a5 Bf8 16. Bg5 Ng4 17. Bf4 Ne5 18. Bxe5 Rxe5 19. Rxe5 dxe5 20. Qe4 Bd6 21.
Qa4 Rd8 22. Qxd7 Rxd7 23. Bg4 Rd8 24. Be2 Kf8 25. Bc4 f5 26. f3 Ke7 27. Kf2 Ne8
28. Ke2 Bc7 29. Kd3 h5 30. g3 g5 31. h3 Nf6 32. g4 e4+ 33. fxe4 fxg4 34. hxg4
Nxg4 35. Ke2 Ne5 36. b3 h4 37. Rf1 Rf8 38. d6+ Bxd6 39. Nd5+ Kd8 40. Ne3 Rxf1
41. Kxf1 Nxc4 42. Nxc4 Bc7 43. Kg2 g4 44. Ne3 h3+ 45. Kh1 g3 46. Nf5 Kd7 47.
Ng7 Ke7 48. c4 Kf7 49. Nf5 Kf6 50. Kg1 Kg5 51. Ng7 Bf4 52. Ne6+ Kg4 53. Kh1 Bd2
0-1

[Event "13. Sparkassen Open 2014 - Gruppe A"]
[Site "Forchheim"]
[Date "2014.10.05"]
[Round "5.9"]
[White "Miller, Eduard"]
[Black "Berndt, Matthias"]
[Result "1-0"]
[WhiteElo "2143"]
[BlackElo "2148"]
[PlyCount "61"]
[EventDate "2014.??.??"]
[WhiteTeam "SC Erlangen"]
[BlackTeam "FULDA"]

1. e4 e6 2. d3 d5 3. Qe2 b6 4. Nd2 Bb7 5. Ngf3 c5 6. g3 Nf6 7. Bg2 Nc6 8. O-O
dxe4 9. dxe4 Be7 10. e5 Nd7 11. c3 Qc7 12. Re1 g5 13. g4 h6 14. a4 O-O-O 15.
Nc4 a5 16. Na3 Nf8 17. Nd2 Na7 18. Bxb7+ Qxb7 19. Ne4 Ng6 20. Nc4 Kb8 21. b4
cxb4 22. cxb4 Bxb4 23. Ba3 Nf4 24. Qc2 Bxe1 25. Rxe1 Rd4 26. Bd6+ Ka8 27. Rb1
Rc8 28. Nxb6+ Qxb6 29. Rxb6 Rb4 30. Rxb4 axb4 31. Nc5 1-0

[Event "13. Sparkassen Open 2014 - Gruppe A"]
[Site "Forchheim"]
[Date "2014.10.05"]
[Round "5.10"]
[White "Heimrath, Reiner"]
[Black "Günnigmann, Manuel"]
[Result "1-0"]
[WhiteElo "2192"]
[BlackElo "2177"]
[PlyCount "133"]
[EventDate "2014.??.??"]
[WhiteTeam "SC Noris-Tarrasch Nürnberg"]
[BlackTeam "Stader SV"]

1. e4 {[%emt 0:00:00]} c5 2. Nf3 Nc6 3. d3 g6 4. c3 Bg7 5. h4 d5 6. Be2 Nf6 7.
Qc2 O-O 8. Bf4 Bg4 9. Nbd2 Re8 10. Bh2 Rc8 11. Rd1 d4 12. c4 e5 13. a3 Nd7 14.
Rb1 a5 15. Qd1 f5 16. Ng5 h6 17. f3 hxg5 18. fxg4 fxg4 19. Bg3 gxh4 20. Bxh4
Bf6 21. Bxf6 Nxf6 22. Bxg4 Rc7 23. Qf3 Qd6 24. Qg3 Rg7 25. Rh6 Nd8 26. Nf3 Nf7
27. Rh1 Nh5 28. Qf2 Nf4 29. Kd2 Qf6 30. Rh2 Rb8 31. g3 Ne6 32. Kc2 Neg5 33.
Nxg5 Qxf2+ 34. Rxf2 Nxg5 35. b4 cxb4 36. axb4 axb4 37. Rxb4 Rf7 38. Rxf7 Nxf7
39. Be6 Kg7 40. Bxf7 Kxf7 41. Rb6 g5 42. Kb3 Rh8 43. c5 Rh3 44. Rxb7+ Ke6 45.
Rb6+ Ke7 46. Kc4 Rxg3 47. Rg6 Kf7 48. Ra6 Ke7 49. c6 Kd6 50. c7+ Kxc7 51. Re6
g4 52. Rxe5 Rg1 53. Kxd4 g3 54. Rg5 g2 55. Rg7+ Kd6 56. Rg6+ Ke7 57. e5 Ke8 58.
Kd5 Rd1 59. Rxg2 Rxd3+ 60. Ke6 Kf8 61. Rf2+ Kg7 62. Ke7 Kg6 63. e6 Ra3 64. Rg2+
Kf5 65. Kf7 Ke5 66. Re2+ Kd6 67. e7 1-0

[Event "13. Sparkassen Open 2014 - Gruppe A"]
[Site "Forchheim"]
[Date "2014.10.05"]
[Round "5.11"]
[White "Arnold, Max"]
[Black "Imcke, Patrick"]
[Result "1-0"]
[WhiteElo "2150"]
[BlackElo "2048"]
[PlyCount "53"]
[EventDate "2014.??.??"]
[WhiteTeam "SF Dornstetten-Pfalzgrafenweiler"]
[BlackTeam "SF Katernberg"]

1. e4 e6 2. d3 d5 3. Qe2 Be7 4. Nf3 c5 5. g3 Nc6 6. Bg2 Nf6 7. O-O O-O 8. e5
Nd7 9. c4 d4 10. h4 Qc7 11. Bf4 b6 12. Nbd2 Bb7 13. Rfe1 Nb4 14. Nf1 Qc6 15. a3
Na6 16. N1d2 Rae8 17. Ne4 f5 18. exf6 gxf6 19. Nh2 Kh8 20. Qh5 f5 21. Bf3 Qc8
22. Nd6 Bxd6 23. Bxd6 Nf6 24. Qh6 Rf7 25. Be5 Ref8 26. Bh5 Qd8 27. Bxf7 1-0

[Event "13. Sparkassen Open 2014 - Gruppe A"]
[Site "Forchheim"]
[Date "2014.10.05"]
[Round "5.12"]
[White "Niedermeier, Thomas"]
[Black "Braun, Michael"]
[Result "0-1"]
[WhiteElo "2202"]
[BlackElo "1970"]
[PlyCount "74"]
[EventDate "2014.??.??"]
[WhiteTeam "SV Ilmmünster"]
[BlackTeam "SG Büchenbach/Roth"]

1. e4 c5 2. Nc3 a6 3. f4 b5 4. g3 Bb7 5. Bg2 e6 6. d3 Nf6 7. Nf3 d5 8. e5 Nfd7
9. O-O Be7 10. Ne2 Nc6 11. c3 O-O 12. d4 b4 13. Bh3 Nb6 14. g4 f5 15. exf6 gxf6
16. Ng3 Bc8 17. Re1 bxc3 18. bxc3 Nc4 19. f5 e5 20. dxe5 N6xe5 21. Nxe5 Nxe5
22. Bf4 d4 23. Bg2 Ra7 24. g5 Nd7 25. Bd5+ Kh8 26. g6 Ne5 27. Qh5 Bd6 28. cxd4
cxd4 29. Bh6 d3 30. Rxe5 Bxe5 31. g7+ Rxg7 32. Bxg7+ Kxg7 33. Qg4+ Kh8 34. Nh5
Rf7 35. Rc1 Re7 36. Kf2 d2 37. Rc2 Bxf5 0-1

[Event "13. Sparkassen Open 2014 - Gruppe A"]
[Site "Forchheim"]
[Date "2014.10.05"]
[Round "5.13"]
[White "Bachstein, Dustin"]
[Black "Heidrich, Manfred"]
[Result "1/2-1/2"]
[WhiteElo "2083"]
[BlackElo "2340"]
[PlyCount "61"]
[EventDate "2014.??.??"]
[WhiteTeam "SC Erlangen"]
[BlackTeam "SC Forchheim"]

1. d4 {[%emt 0:00:00]} f5 2. g3 Nf6 3. Bg2 g6 4. c4 Bg7 5. Qc2 d6 6. Nf3 O-O 7.
b4 e5 8. Bb2 e4 9. Nfd2 c6 10. d5 cxd5 11. f3 dxc4 12. fxe4 fxe4 13. Nxe4 Nxe4
14. Bxg7 Kxg7 15. Qxe4 Qf6 16. Rf1 Qe5 17. Qxe5+ dxe5 18. Rxf8 Kxf8 19. Na3 Nc6
20. Bxc6 bxc6 21. Nxc4 Ba6 22. Na5 Rc8 23. Rc1 Bb5 24. Rc5 Ke7 25. Rxe5+ Kd6
26. Re3 Rc7 27. Nb3 Kd5 28. Nc5 a5 29. a3 axb4 30. axb4 Kc4 31. Re4+ 1/2-1/2

[Event "13. Sparkassen Open 2014 - Gruppe A"]
[Site "Forchheim"]
[Date "2014.10.05"]
[Round "5.14"]
[White "Martin Fernandez, Rodrigo"]
[Black "Eber, Fabian"]
[Result "1-0"]
[WhiteElo "2159"]
[BlackElo "2003"]
[PlyCount "59"]
[EventDate "2014.??.??"]
[WhiteTeam "SC Erlangen"]
[BlackTeam "SGem Fürth"]

1. e4 c5 2. Nf3 Nc6 3. d4 cxd4 4. Nxd4 e5 5. Nb5 a6 6. Nd6+ Bxd6 7. Qxd6 Qe7 8.
Qd1 Nf6 9. Nc3 d6 10. Be3 Be6 11. Be2 O-O 12. O-O Ne8 13. Nd5 Bxd5 14. exd5 Nb8
15. c4 f5 16. f4 Nd7 17. Rc1 exf4 18. Bxf4 g5 19. Bd2 Nc5 20. Bc3 Ne4 21. Bd4
Ng7 22. Bd3 Nc5 23. Bb1 f4 24. b4 Nd7 25. Re1 Qf7 26. Qg4 h6 27. Re6 f3 28.
Rxh6 f2+ 29. Kf1 Qf4 30. Bh7+ 1-0

[Event "13. Sparkassen Open 2014 - Gruppe A"]
[Site "Forchheim"]
[Date "2014.10.05"]
[Round "5.15"]
[White "Tassell, Pierre"]
[Black "Reis, Gerhard"]
[Result "1/2-1/2"]
[WhiteElo "2041"]
[BlackElo "2203"]
[PlyCount "68"]
[EventDate "2014.??.??"]
[WhiteTeam "SC Bavaria Regensb."]
[BlackTeam "SW Nürnberg"]

1. d4 Nf6 2. c4 g6 3. Nc3 d5 4. cxd5 Nxd5 5. e4 Nxc3 6. bxc3 Bg7 7. Qa4+ Bd7 8.
Qa3 O-O 9. Nf3 Bg4 10. Be2 Nd7 11. h3 Bxf3 12. Bxf3 c5 13. Be3 Qc7 14. Rc1 Rac8
15. O-O e6 16. Rfd1 Rfd8 17. d5 exd5 18. exd5 Be5 19. c4 b6 20. g3 Re8 21. Bg2
Re7 22. Bg5 f6 23. Bd2 Rce8 24. Re1 Kf7 25. Qe3 Bd6 26. Qh6 Nf8 27. h4 Rxe1+
28. Rxe1 Rxe1+ 29. Bxe1 Qe7 30. Qe3 Nd7 31. Qxe7+ Kxe7 32. f4 Nb8 33. Kf2 Na6
34. a3 Nc7 1/2-1/2

[Event "13. Sparkassen Open 2014 - Gruppe A"]
[Site "Forchheim"]
[Date "2014.10.05"]
[Round "5.16"]
[White "Willim, Michael"]
[Black "Wagner, Florian"]
[Result "1-0"]
[WhiteElo "2137"]
[BlackElo "2215"]
[PlyCount "53"]
[EventDate "2014.??.??"]
[WhiteTeam "SC Erlangen"]
[BlackTeam "SC Noris-Tarrasch Nürnberg"]

1. Nf3 d5 2. c4 c6 3. d4 Nf6 4. e3 a6 5. Bd3 dxc4 6. Bxc4 e6 7. O-O c5 8. Qe2
b5 9. Bd3 Nc6 10. dxc5 Bxc5 11. Rd1 Qb6 12. a3 b4 13. Nbd2 O-O 14. Nc4 Qb8 15.
Bd2 Re8 16. Rac1 e5 17. axb4 Bxb4 18. Bxb4 Qxb4 19. Nd6 Bb7 20. Nxe8 Nxe8 21.
Ng5 h6 22. Ne4 Na5 23. Nc5 Nb3 24. Nxb3 Qxb3 25. Bc4 Qb6 26. Qh5 Nd6 27. Rxd6
1-0

[Event "13. Sparkassen Open 2014 - Gruppe A"]
[Site "Forchheim"]
[Date "2014.10.05"]
[Round "5.18"]
[White "Walter, Florian"]
[Black "Ulusoy, Tolga"]
[Result "1/2-1/2"]
[WhiteElo "2122"]
[BlackElo "2023"]
[PlyCount "77"]
[EventDate "2014.??.??"]
[WhiteTeam "SC Noris-Tarrasch Nürnberg"]
[BlackTeam "SC Noris-Tarrasch Nürnberg"]

1. c4 e5 2. g3 Nf6 3. Bg2 d5 4. cxd5 Nxd5 5. Nc3 Nb6 6. Nf3 Nc6 7. O-O Be7 8.
d3 O-O 9. a3 Be6 10. b4 f6 11. Bb2 Qd7 12. Rc1 a5 13. b5 Nd4 14. Nd2 Nxb5 15.
Bxb7 Rab8 16. Bg2 Nxc3 17. Bxc3 Bxa3 18. Ra1 Bb4 19. Bxb4 axb4 20. Ne4 Qb5 21.
Qc2 Nd5 22. Nc5 Bf7 23. Na6 b3 24. Qb2 Rbc8 25. Rfc1 Nb4 26. Nc5 Rb8 27. Nxb3
Nxd3 28. exd3 Qxb3 29. Qxb3 Rxb3 30. Be4 f5 31. Bxf5 Bd5 32. Be4 Bxe4 33. dxe4
Rb2 34. Rxc7 Rbxf2 35. Raa7 R2f7 36. Re7 g6 37. g4 h6 38. Kg2 Rf2+ 39. Kg1
1/2-1/2

[Event "13. Sparkassen Open 2014 - Gruppe A"]
[Site "Forchheim"]
[Date "2014.10.05"]
[Round "5.19"]
[White "Etlender, Roman"]
[Black "Süß, Stefan"]
[Result "1/2-1/2"]
[WhiteElo "2184"]
[BlackElo "1966"]
[PlyCount "55"]
[EventDate "2014.??.??"]
[WhiteTeam "Regensb. Turnerschaft"]
[BlackTeam "SC Noris-Tarrasch Nürnberg"]

1. c4 e6 2. e4 c5 3. Nc3 d6 4. g3 b6 5. Bg2 Bb7 6. Nge2 Nd7 7. d4 cxd4 8. Qxd4
a6 9. O-O Qc7 10. b3 Ngf6 11. h3 h5 12. Bg5 Be7 13. Rab1 Qc5 14. Be3 Qxd4 15.
Bxd4 Rb8 16. h4 O-O 17. f3 Rfd8 18. Rfd1 Ba8 19. Be3 b5 20. cxb5 axb5 21. a4
bxa4 22. bxa4 d5 23. exd5 Nxd5 24. Nxd5 Bxd5 25. Rxb8 Nxb8 26. a5 Bc4 27. Rxd8+
Bxd8 28. Nf4 1/2-1/2

[Event "13. Sparkassen Open 2014 - Gruppe A"]
[Site "Forchheim"]
[Date "2014.10.05"]
[Round "5.21"]
[White "Stillger, Bernhard"]
[Black "Kroneder, Christian"]
[Result "1/2-1/2"]
[WhiteElo "2293"]
[BlackElo "2048"]
[PlyCount "65"]
[EventDate "2014.??.??"]
[WhiteTeam "SV Dinslaken"]
[BlackTeam "SK Schwanstetten"]

1. e4 c5 2. Nf3 d6 3. Bb5+ Bd7 4. Bxd7+ Qxd7 5. O-O Nc6 6. Qe2 Nf6 7. Rd1 g6 8.
c3 Bg7 9. d4 cxd4 10. cxd4 d5 11. e5 Ne4 12. Ne1 h6 13. Nc3 O-O 14. Nxe4 dxe4
15. Qxe4 f5 16. exf6 Rxf6 17. Be3 Rd6 18. Nf3 Rd8 19. Rd2 Kh7 20. Rad1 Rd5 21.
h4 Qf5 22. Qxf5 gxf5 23. g3 Kg6 24. b3 e6 25. Kg2 Kh7 26. Re1 Kg6 27. Rde2 Kf7
28. Bf4 Re8 29. Ne5+ Bxe5 30. dxe5 h5 31. Rc1 Red8 32. Rec2 R8d7 33. Rc5
1/2-1/2

[Event "13. Sparkassen Open 2014 - Gruppe A"]
[Site "Forchheim"]
[Date "2014.10.05"]
[Round "5.22"]
[White "Kammer, Christoph"]
[Black "Seidens, Udo"]
[Result "0-1"]
[WhiteElo "2017"]
[BlackElo "2232"]
[PlyCount "78"]
[EventDate "2014.??.??"]
[WhiteTeam "TSV Nittenau"]
[BlackTeam "SK Schweinfurt"]

1. e4 g6 2. Nc3 Bg7 3. f4 c6 4. Bc4 d5 5. exd5 b5 6. Bb3 b4 7. Nce2 cxd5 8. a3
d4 9. Ba4+ Kf8 10. Nf3 Qb6 11. d3 Nh6 12. O-O Nf5 13. Ne5 Be6 14. axb4 Na6 15.
Kh1 Nxb4 16. Nd7+ Bxd7 17. Bxd7 Ne3 18. Bxe3 dxe3 19. Bg4 e6 20. c3 Nd5 21. Bf3
Rd8 22. Qc2 Bf6 23. Bxd5 Rxd5 24. d4 Kg7 25. Qc1 a5 26. Qxe3 Rb8 27. Rab1 Rb5
28. Ng3 Rxb2 29. Rxb2 Qxb2 30. Ne4 Be7 31. Ng5 Qb5 32. Re1 Qf5 33. Nf3 Rb2 34.
h3 a4 35. c4 Qc2 36. Rg1 Qxc4 37. f5 Re2 38. Qf4 exf5 39. Ne5 Qd5 0-1